中国人均生活用水最多/少的省区 Provinces consume most/least domestic water per capita - Statistics

General Stats
  • This quiz has been taken 62 times
  • The average score is 10 of 14
Answer Stats
人均生活用水 % Correct
最少 123.31 河北
93%
最多 241.53 广东
93%
最少 127.28 黑龙江
82%
最多 245.66 西藏
82%
最多 228.88 福建
82%
最少 136.52 山西
80%
最多 273.73 广西
80%
最少 119.25 内蒙古
76%
最多 217.07 湖南
75%
最少 121.83 吉林
69%
最多 287.04 海南
62%
最少 126.22 山东
60%
最少 122.81 天津
55%
最多 222.48 江西
51%
No matching quizzes found
Score Distribution
Percent of People with Each Score
Percentile by Number Answered
Your Score History
You have not taken this quiz